[Event "US Cadet Championship"]
[Site "Manchester, NH"]
[Date "2017.08.17"]
[Round "1.1"]
[White "Yip, Carissa"]
[Black "Huang, Andy"]
[Result "1-0"]
[BlackElo "2178"]
[WhiteElo "2187"]
[LiveChessVersion "1.4.8"]

1. e4 {[%clk 1:30:57]} c5 {[%clk 1:30:58]} 2. Nf3 {[%clk 1:31:23]} Nc6
{[%clk 1:31:22]} 3. d4 {[%clk 1:31:50]} cxd4 {[%clk 1:31:44]} 4. Nxd4
{[%clk 1:32:16]} Nf6 {[%clk 1:32:10]} 5. Nc3 {[%clk 1:32:34]} e5 {[%clk 1:32:35]}
6. Ndb5 {[%clk 1:28:22]} d6 {[%clk 1:32:41]} 7. Bg5 {[%clk 1:28:48]} a6
{[%clk 1:32:59]} 8. Na3 {[%clk 1:29:08]} b5 {[%clk 1:33:22]} 9. Nd5
{[%clk 1:29:36]} Be7 {[%clk 1:33:30]} 10. Bxf6 {[%clk 1:30:02]} Bxf6
{[%clk 1:33:51]} 11. c3 {[%clk 1:30:28]} Bg5 {[%clk 1:33:40]} 12. Nc2
{[%clk 1:30:22]} Rb8 {[%clk 1:33:59]} 13. Bd3 {[%clk 1:30:06]} Bd7
{[%clk 1:07:02]} 14. Nce3 {[%clk 1:28:40]} Bxe3 {[%clk 1:06:42]} 15. Nxe3
{[%clk 1:28:52]} O-O {[%clk 1:06:51]} 16. O-O {[%clk 1:29:03]} a5
{[%clk 1:01:03]} 17. Qe2 {[%clk 1:27:09]} Qb6 {[%clk 1:00:21]} 18. Bc2
{[%clk 1:24:13]} Be6 {[%clk 0:46:23]} 19. Kh1 {[%clk 1:19:13]} b4
{[%clk 0:46:05]} 20. Qd3 {[%clk 1:18:55]} Qc5 {[%clk 0:45:11]} 21. Rfd1
{[%clk 1:11:21]} bxc3 {[%clk 0:31:32]} 22. bxc3 {[%clk 1:11:41]} Rfd8
{[%clk 0:31:49]} 23. Rd2 {[%clk 1:11:12]} Na7 {[%clk 0:26:20]} 24. Nd5
{[%clk 1:01:57]} Nb5 {[%clk 0:26:09]} 25. f4 {[%clk 0:40:20]} exf4
{[%clk 0:18:24]} 26. e5 {[%clk 0:37:58]} Bxd5 {[%clk 0:17:32]} 27. Qxh7+
{[%clk 0:35:35]} Kf8 {[%clk 0:17:57]} 28. Qh8+ {[%clk 0:28:55]} Ke7
{[%clk 0:18:25]} 29. Qxg7 {[%clk 0:29:15]} Be6 {[%clk 0:07:55]} 30. Qf6+
{[%clk 0:29:40]} Ke8 {[%clk 0:07:12]} 31. exd6 {[%clk 0:27:55]} Rxd6
{[%clk 0:04:36]} 32. Rxd6 {[%clk 0:28:13]} Qxd6 {[%clk 0:04:45]} 33. Ba4
{[%clk 0:28:31]} Qa3 {[%clk 0:03:10]} 34. Qxf4 {[%clk 0:26:39]} Rb6
{[%clk 0:01:29]} 35. Qd4 {[%clk 0:22:11]} Rb7 {[%clk 0:01:00]} 36. Rd1
{[%clk 0:22:12]} Bd7 {[%clk 0:00:50]} 37. Bxb5 {[%clk 0:22:34]} 1-0

[Event "US Cadet Championship"]
[Site "Manchester, NH"]
[Date "2017.08.17"]
[Round "1.2"]
[White "Li, Ben"]
[Black "Kim, Yoon-Young"]
[Result "1-0"]
[BlackElo "2293"]
[WhiteElo "2305"]
[LiveChessVersion "1.4.8"]

1. d4 {[%clk 1:30:55]} d5 {[%clk 1:30:54]} 2. Nf3 {[%clk 1:31:14]} Nf6
{[%clk 1:31:20]} 3. c4 {[%clk 1:31:38]} c6 {[%clk 1:31:38]} 4. Nc3
{[%clk 1:31:50]} e6 {[%clk 1:31:58]} 5. e3 {[%clk 1:32:09]} Nbd7 {[%clk 1:32:21]}
6. Bd3 {[%clk 1:32:21]} dxc4 {[%clk 1:32:42]} 7. Bxc4 {[%clk 1:32:47]} b5
{[%clk 1:33:08]} 8. Bd3 {[%clk 1:33:12]} Bd6 {[%clk 1:33:34]} 9. O-O
{[%clk 1:33:13]} O-O {[%clk 1:33:56]} 10. b3 {[%clk 1:33:38]} Bb7
{[%clk 1:32:45]} 11. Bb2 {[%clk 1:34:00]} Qe7 {[%clk 1:31:26]} 12. Rc1
{[%clk 1:32:08]} Rac8 {[%clk 1:30:16]} 13. Qe2 {[%clk 1:21:59]} a6
{[%clk 1:22:38]} 14. a4 {[%clk 1:22:00]} e5 {[%clk 1:21:23]} 15. dxe5
{[%clk 1:14:11]} Nxe5 {[%clk 1:21:21]} 16. Nxe5 {[%clk 1:14:31]} Bxe5
{[%clk 1:21:18]} 17. f4 {[%clk 1:14:40]} Bb8 {[%clk 1:18:46]} 18. e4
{[%clk 1:14:24]} b4 {[%clk 1:18:24]} 19. Nd1 {[%clk 1:13:23]} a5 {[%clk 1:17:23]}
20. Ne3 {[%clk 1:13:15]} Rfd8 {[%clk 1:14:55]} 21. Nf5 {[%clk 1:03:28]} Ba7+
{[%clk 1:12:17]} 22. Kh1 {[%clk 1:03:46]} Qe6 {[%clk 1:11:31]} 23. Bxf6 Qxf6
{[%clk 1:11:54]} 24. e5 {[%clk 0:54:13]} Qe6 {[%clk 1:12:12]} 25. Nd6
{[%clk 0:54:40]} Rc7 {[%clk 1:11:23]} 26. Bc4 {[%clk 0:55:09]} Qh6
{[%clk 1:10:47]} 27. Rcd1 {[%clk 0:55:37]} Rf8 {[%clk 1:09:58]} 28. e6
{[%clk 0:55:55]} fxe6 {[%clk 1:07:26]} 29. Bxe6+ {[%clk 0:55:56]} Kh8
{[%clk 1:07:54]} 30. Nf7+ {[%clk 0:56:17]} Rcxf7 {[%clk 1:08:22]} 31. Bxf7
{[%clk 0:56:39]} Qf6 {[%clk 1:08:06]} 32. Bc4 {[%clk 0:56:41]} Bd4
{[%clk 1:07:51]} 33. Qe4 {[%clk 0:57:09]} Bc3 {[%clk 1:07:52]} 34. Rd7
{[%clk 0:56:34]} Bc8 {[%clk 1:07:20]} 35. Rc7 {[%clk 0:56:32]} Bf5
{[%clk 1:07:03]} 36. Qxc6 {[%clk 0:56:53]} Qxc6 {[%clk 1:06:13]} 37. Rxc6
{[%clk 0:57:22]} Rd8 {[%clk 1:06:41]} 38. Be6 {[%clk 0:56:20]} Bc2
{[%clk 1:06:19]} 39. h3 {[%clk 0:54:32]} g6 {[%clk 1:06:10]} 40. Rf2
{[%clk 1:23:15]} Be4 {[%clk 1:33:53]} 41. Rc8 {[%clk 1:18:00]} Rxc8
{[%clk 1:34:18]} 42. Bxc8 {[%clk 1:18:29]} Bd5 {[%clk 1:34:47]} 43. f5
{[%clk 1:18:58]} gxf5 {[%clk 1:32:45]} 44. Rxf5 {[%clk 1:19:20]} Bxb3
{[%clk 1:33:12]} 45. Rxa5 {[%clk 1:19:43]} Bc2 {[%clk 1:30:50]} 46. Be6
{[%clk 1:20:03]} b3 {[%clk 1:18:21]} 47. Rb5 {[%clk 1:20:26]} b2 {[%clk 1:18:34]}
48. Ba2 {[%clk 1:20:52]} Bxa4 {[%clk 1:18:44]} 49. Rb8+ {[%clk 1:21:19]} Kg7
{[%clk 1:19:02]} 50. Rb7+ {[%clk 1:21:46]} Kf6 {[%clk 1:16:36]} 51. Rxh7
{[%clk 1:22:09]} Bd2 {[%clk 1:15:42]} 52. Bb1 {[%clk 1:22:28]} Bc1
{[%clk 1:15:55]} 53. Ra7 {[%clk 1:22:18]} Bd1 {[%clk 1:16:01]} 54. Ra5
{[%clk 1:22:38]} Bb3 {[%clk 1:16:10]} 55. Kh2 {[%clk 1:22:32]} Be6
{[%clk 1:16:29]} 56. g3 {[%clk 1:22:15]} Kg7 {[%clk 1:16:30]} 57. Ra6
{[%clk 1:22:40]} Bc4 {[%clk 1:16:45]} 58. Rb6 {[%clk 1:23:05]} Bd5
{[%clk 1:17:07]} 59. h4 {[%clk 1:23:29]} Bf3 {[%clk 1:17:31]} 60. Kh3
{[%clk 1:23:53]} Be2 {[%clk 1:17:50]} 61. g4 {[%clk 1:24:11]} Bf4
{[%clk 1:17:57]} 62. Kg2 {[%clk 1:24:21]} Bc1 {[%clk 1:18:14]} 63. Kg3
{[%clk 1:24:45]} Bd1 {[%clk 1:18:34]} 64. g5 {[%clk 1:24:52]} Bh5
{[%clk 1:18:55]} 65. Rb7+ {[%clk 1:25:18]} Kg8 {[%clk 1:19:15]} 66. g6
{[%clk 1:25:43]} 1-0

[Event "US Cadet Championship"]
[Site "Manchester, NH"]
[Date "2017.08.17"]
[Round "1.3"]
[White "Lu, Albert"]
[Black "Nguyen, Trung"]
[Result "0-1"]
[BlackElo "2181"]
[WhiteElo "2323"]
[LiveChessVersion "1.4.8"]

1. d4 {[%clk 1:30:56]} d6 {[%clk 1:30:54]} 2. c4 {[%clk 1:31:16]} e5
{[%clk 1:31:21]} 3. Nf3 {[%clk 1:28:53]} e4 {[%clk 1:31:43]} 4. Nfd2
{[%clk 1:29:13]} f5 {[%clk 1:32:06]} 5. e3 {[%clk 1:27:25]} c5 {[%clk 1:32:26]}
6. Nb3 {[%clk 1:12:48]} Nd7 {[%clk 1:27:11]} 7. Nc3 {[%clk 1:08:14]} Ngf6
{[%clk 1:26:34]} 8. a4 {[%clk 1:05:00]} a5 {[%clk 1:20:20]} 9. Nb5
{[%clk 1:04:09]} Ra6 {[%clk 1:07:51]} 10. Bd2 {[%clk 1:02:34]} Be7
{[%clk 1:07:58]} 11. Bc3 {[%clk 0:58:29]} O-O {[%clk 1:07:42]} 12. Qc2
{[%clk 0:50:54]} b6 {[%clk 1:03:31]} 13. dxc5 {[%clk 0:44:54]} dxc5
{[%clk 1:03:27]} 14. O-O-O {[%clk 0:43:49]} Bb7 {[%clk 0:59:24]} 15. Be5
{[%clk 0:36:03]} Ne8 {[%clk 0:52:04]} 16. Be2 {[%clk 0:30:43]} Qc8
{[%clk 0:49:55]} 17. Bc3 {[%clk 0:26:39]} Nb8 {[%clk 0:44:51]} 18. f4
{[%clk 0:20:49]} Nc6 {[%clk 0:44:20]} 19. h3 {[%clk 0:13:23]} Nb4
{[%clk 0:42:58]} 20. Bxb4 {[%clk 0:11:41]} axb4 {[%clk 0:43:11]} 21. Nd2
{[%clk 0:11:21]} g6 {[%clk 0:30:58]} 22. b3 {[%clk 0:08:47]} Qe6 {[%clk 0:30:45]}
23. g4 {[%clk 0:08:13]} Bf6 {[%clk 0:30:27]} 24. Kb1 {[%clk 0:07:58]} Bg7
{[%clk 0:30:26]} 25. Nf1 {[%clk 0:06:30]} g5 {[%clk 0:23:41]} 26. fxg5
{[%clk 0:04:25]} f4 {[%clk 0:23:57]} 27. exf4 {[%clk 0:04:02]} e3
{[%clk 0:23:24]} 28. Rh2 {[%clk 0:04:21]} Rxf4 {[%clk 0:22:31]} 29. Bd3
{[%clk 0:04:05]} Qe5 {[%clk 0:14:41]} 30. Ka2 {[%clk 0:04:18]} Rf3
{[%clk 0:14:25]} 31. Re1 {[%clk 0:02:57]} Ra8 {[%clk 0:09:42]} 32. Rhe2
{[%clk 0:02:53]} Rd8 {[%clk 0:08:03]} 33. Bxh7+ {[%clk 0:02:49]} Kh8
{[%clk 0:08:32]} 34. Nxe3 {[%clk 0:02:34]} Qxg5 {[%clk 0:06:50]} 35. Nf5
{[%clk 0:01:33]} Be4 {[%clk 0:05:50]} 36. Qc1 {[%clk 0:00:43]} Qxc1
{[%clk 0:04:56]} 37. Rxc1 {[%clk 0:01:12]} Bd3 {[%clk 0:04:23]} 38. Rd1 0-1

[Event "US Cadet Championship"]
[Site "Manchester, NH"]
[Date "2017.08.17"]
[Round "1.4"]
[White "Shen, Christopher"]
[Black "Titus, Andrew"]
[Result "1-0"]
[BlackElo "2131"]
[WhiteElo "2167"]
[LiveChessVersion "1.4.8"]

1. Nf3 {[%clk 1:30:57]} Nf6 {[%clk 1:30:50]} 2. g3 {[%clk 1:31:19]} e6
{[%clk 1:31:11]} 3. Bg2 {[%clk 1:31:40]} d5 {[%clk 1:31:40]} 4. O-O
{[%clk 1:32:00]} Be7 {[%clk 1:32:07]} 5. c4 {[%clk 1:32:22]} O-O {[%clk 1:32:34]}
6. d4 {[%clk 1:32:45]} dxc4 {[%clk 1:32:58]} 7. Qc2 {[%clk 1:32:33]} a6
{[%clk 1:33:22]} 8. a4 {[%clk 1:32:50]} Bd7 {[%clk 1:33:43]} 9. Rd1
{[%clk 1:31:59]} Bc6 {[%clk 1:31:43]} 10. Bg5 {[%clk 1:31:01]} Nbd7
{[%clk 1:28:13]} 11. Nbd2 {[%clk 1:29:04]} b5 {[%clk 1:21:29]} 12. Bxf6
{[%clk 1:22:57]} Nxf6 {[%clk 1:20:40]} 13. b3 {[%clk 1:22:03]} bxa4
{[%clk 1:12:02]} 14. bxc4 {[%clk 1:18:21]} a3 {[%clk 1:05:49]} 15. c5
{[%clk 1:11:05]} Qc8 {[%clk 0:54:35]} 16. Rxa3 {[%clk 1:08:20]} Rd8
{[%clk 0:54:07]} 17. e3 {[%clk 1:05:28]} Rb8 {[%clk 0:45:19]} 18. Ne5
{[%clk 0:59:55]} Bxg2 {[%clk 0:43:31]} 19. Kxg2 {[%clk 1:00:20]} h6
{[%clk 0:41:02]} 20. Ndc4 {[%clk 0:57:55]} Qb7+ {[%clk 0:39:56]} 21. Kg1
{[%clk 0:56:56]} Qd5 {[%clk 0:39:12]} 22. Rxa6 {[%clk 0:54:15]} Bf8
{[%clk 0:37:18]} 23. Ra7 {[%clk 0:49:06]} Rbc8 {[%clk 0:33:49]} 24. f3
{[%clk 0:47:01]} Ra8 {[%clk 0:21:29]} 25. e4 {[%clk 0:46:33]} Qxd4+
{[%clk 0:21:00]} 26. Rxd4 {[%clk 0:46:54]} Bxc5 {[%clk 0:21:26]} 27. Rxa8
{[%clk 0:46:05]} Bxd4+ {[%clk 0:21:30]} 28. Kg2 {[%clk 0:46:20]} Rxa8
{[%clk 0:21:57]} 29. Qd2 {[%clk 0:44:38]} Bc5 {[%clk 0:21:17]} 30. Nd7
{[%clk 0:43:56]} Be7 {[%clk 0:21:20]} 31. Nxf6+ {[%clk 0:44:01]} Bxf6
{[%clk 0:21:48]} 32. Qd7 {[%clk 0:43:46]} Rd8 {[%clk 0:22:05]} 33. Qxc7
{[%clk 0:44:07]} Ra8 {[%clk 0:22:32]} 34. e5 {[%clk 0:44:16]} Bd8
{[%clk 0:22:59]} 35. Qd7 {[%clk 0:44:38]} Kf8 {[%clk 0:23:19]} 36. Nd6
{[%clk 0:45:01]} Be7 {[%clk 0:23:45]} 37. Nc8 {[%clk 0:45:02]} 1-0

[Event "US Cadet Championship"]
[Site "Manchester, NH"]
[Date "2017.08.17"]
[Round "1.5"]
[White "Niemann, Hans"]
[Black "Nguyen, Emily"]
[Result "1/2-1/2"]
[BlackElo "2110"]
[WhiteElo "2254"]
[LiveChessVersion "1.4.8"]

1. d4 {[%clk 1:30:58]} d5 {[%clk 1:30:53]} 2. c4 c6 {[%clk 1:31:15]} 3. Nf3
{[%clk 1:31:48]} Nf6 {[%clk 1:31:40]} 4. e3 {[%clk 1:32:15]} Bg4 {[%clk 1:32:03]}
5. Qb3 {[%clk 1:32:03]} Qc7 {[%clk 1:32:25]} 6. Nc3 {[%clk 1:32:09]} e6
{[%clk 1:32:22]} 7. Ne5 {[%clk 1:32:07]} Bf5 {[%clk 1:30:55]} 8. Bd3
{[%clk 1:31:27]} Bxd3 {[%clk 1:29:28]} 9. Nxd3 {[%clk 1:31:44]} Nbd7
{[%clk 1:29:11]} 10. O-O {[%clk 1:31:25]} Be7 {[%clk 1:23:28]} 11. Bd2 O-O 12.
Rfe1 {[%clk 1:21:30]} dxc4 {[%clk 1:15:55]} 13. Qxc4 {[%clk 1:21:37]} e5 14. dxe5
{[%clk 1:19:36]} Nxe5 {[%clk 1:16:21]} 15. Nxe5 {[%clk 1:19:57]} Qxe5
{[%clk 1:16:47]} 16. f4 Qc5 {[%clk 1:08:42]} 17. Qxc5 {[%clk 1:18:40]} Bxc5
{[%clk 1:09:04]} 18. Na4 {[%clk 1:03:25]} Be7 19. Nc3 {[%clk 0:58:59]} Bc5
{[%clk 0:49:45]} 20. a3 {[%clk 0:57:55]} Rad8 {[%clk 0:46:11]} 21. Rad1
{[%clk 0:55:08]} Rfe8 {[%clk 0:21:29]} 22. Kf2 Ne4+ 23. Nxe4 {[%clk 0:55:10]}
Rxe4 {[%clk 0:21:51]} 24. Kf3 {[%clk 0:55:45]} Rde8 {[%clk 0:19:48]} 25. Bc1 f5
{[%clk 0:14:20]} 26. Rd7 {[%clk 0:55:03]} R8e7 {[%clk 0:14:39]} 27. Rxe7
{[%clk 0:52:20]} Bxe7 {[%clk 0:12:40]} 28. b3 {[%clk 0:51:44]} Bf6
{[%clk 0:11:54]} 29. g4 {[%clk 0:51:47]} g6 {[%clk 0:11:39]} 30. Rd1 Re7
{[%clk 0:09:32]} 31. g5 {[%clk 0:51:54]} Bg7 {[%clk 0:09:31]} 32. Rd8+
{[%clk 0:52:02]} Kf7 {[%clk 0:09:54]} 33. Bd2 {[%clk 0:50:18]} b6
{[%clk 0:05:07]} 34. Rc8 {[%clk 0:49:58]} Rd7 {[%clk 0:04:49]} 35. Ke2
{[%clk 0:50:23]} c5 {[%clk 0:05:04]} 36. a4 Ke7 {[%clk 0:03:16]} 37. b4
{[%clk 0:48:16]} Rd8 {[%clk 0:03:32]} 38. Rxd8 {[%clk 0:48:04]} Kxd8
{[%clk 0:03:59]} 39. bxc5 {[%clk 0:48:13]} bxc5 {[%clk 0:04:27]} 40. e4
{[%clk 1:13:38]} fxe4 {[%clk 0:31:56]} 41. Ke3 {[%clk 1:13:53]} Kd7
{[%clk 0:27:04]} 42. Kxe4 {[%clk 1:14:15]} Ke6 {[%clk 0:26:26]} 43. Be3
{[%clk 1:13:54]} Bf8 {[%clk 0:26:43]} 44. h4 {[%clk 1:14:18]} a6 {[%clk 0:25:33]}
45. Bd2 {[%clk 1:14:22]} Bg7 {[%clk 0:25:25]} 46. Be3 {[%clk 1:14:31]} Bf8
{[%clk 0:25:13]} 47. Bc1 {[%clk 1:14:56]} Bg7 {[%clk 0:25:31]} 48. Ba3
{[%clk 1:14:41]} Bd4 {[%clk 0:24:30]} 49. Bc1 Bg7 {[%clk 0:22:01]} 50. Be3
{[%clk 1:03:31]} Bd4 51. Bc1 Bf2 52. h5 gxh5 53. f5+ Ke5+ {[%clk 0:21:18]}
1/2-1/2

[Event "US Cadet Championship"]
[Site "Manchester, NH"]
[Date "2017.08.18"]
[Round "2.1"]
[White "Huang, Andy"]
[Black "Nguyen, Emily"]
[Result "1-0"]
[BlackElo "2110"]
[WhiteElo "2178"]
[LiveChessVersion "1.4.8"]

1. e4 {[%clk 1:30:58]} c5 {[%clk 1:30:54]} 2. Nf3 {[%clk 1:31:25]} e6
{[%clk 1:31:18]} 3. d4 {[%clk 1:31:52]} cxd4 {[%clk 1:31:43]} 4. Nxd4
{[%clk 1:32:19]} a6 {[%clk 1:31:58]} 5. Nc3 {[%clk 1:32:45]} Qc7 {[%clk 1:32:23]}
6. Bd3 {[%clk 1:33:12]} Nc6 {[%clk 1:32:46]} 7. Nxc6 {[%clk 1:33:35]} dxc6
{[%clk 1:33:07]} 8. f4 {[%clk 1:33:29]} e5 {[%clk 1:21:22]} 9. f5
{[%clk 1:27:58]} Nf6 {[%clk 1:19:47]} 10. O-O {[%clk 1:28:18]} Bc5+
{[%clk 1:17:02]} 11. Kh1 {[%clk 1:28:40]} O-O {[%clk 1:15:43]} 12. g4
{[%clk 1:20:12]} b5 {[%clk 1:11:10]} 13. a4 {[%clk 1:04:47]} Bb7 {[%clk 1:02:48]}
14. Qf3 {[%clk 1:02:40]} Nd7 {[%clk 0:44:47]} 15. g5 {[%clk 0:52:07]} Bd6
{[%clk 0:38:19]} 16. b3 {[%clk 0:38:45]} Nc5 {[%clk 0:28:19]} 17. Be3
{[%clk 0:29:21]} Nxd3 {[%clk 0:26:12]} 18. cxd3 {[%clk 0:29:50]} Rfd8
{[%clk 0:23:48]} 19. Rfd1 {[%clk 0:24:49]} Bb4 {[%clk 0:17:31]} 20. Rac1
{[%clk 0:19:37]} Qa5 {[%clk 0:16:39]} 21. Na2 {[%clk 0:16:18]} Ba3
{[%clk 0:15:25]} 22. Qf2 {[%clk 0:16:08]} bxa4 {[%clk 0:06:57]} 23. b4
{[%clk 0:11:17]} Qb5 {[%clk 0:06:15]} 24. Rc5 {[%clk 0:05:25]} Rxd3
{[%clk 0:06:39]} 25. Rf1 {[%clk 0:05:50]} Qb6 {[%clk 0:06:32]} 26. g6
{[%clk 0:05:42]} f6 {[%clk 0:05:31]} 27. Rc3 {[%clk 0:03:54]} Qd8
{[%clk 0:05:54]} 28. Qh4 {[%clk 0:04:20]} h6 {[%clk 0:05:38]} 29. Bxh6
{[%clk 0:04:34]} gxh6 {[%clk 0:02:51]} 30. Qxh6 {[%clk 0:04:46]} Rd7
{[%clk 0:02:56]} 31. Rh3 {[%clk 0:05:01]} 1-0

[Event "US Cadet Championship"]
[Site "Manchester, NH"]
[Date "2017.08.18"]
[Round "2.2"]
[White "Titus, Andrew"]
[Black "Niemann, Hans"]
[Result "1/2-1/2"]
[BlackElo "2254"]
[WhiteElo "2131"]
[LiveChessVersion "1.4.8"]

1. e4 {[%clk 1:30:59]} e6 {[%clk 1:30:55]} 2. d4 {[%clk 1:31:27]} d5
{[%clk 1:31:24]} 3. Nd2 {[%clk 1:31:50]} c5 {[%clk 1:31:48]} 4. Ngf3
{[%clk 1:32:11]} cxd4 {[%clk 1:32:15]} 5. exd5 {[%clk 1:32:34]} Qxd5
{[%clk 1:32:42]} 6. Bc4 {[%clk 1:32:55]} Qd7 {[%clk 1:32:40]} 7. O-O
{[%clk 1:32:53]} Nc6 {[%clk 1:33:07]} 8. Nb3 {[%clk 1:33:06]} a6 {[%clk 1:33:35]}
9. Nbxd4 {[%clk 1:32:03]} Nxd4 {[%clk 1:33:58]} 10. Qxd4 {[%clk 1:29:41]} Qxd4
{[%clk 1:34:19]} 11. Nxd4 {[%clk 1:30:05]} Bd7 {[%clk 1:32:19]} 12. Bf4
{[%clk 1:29:52]} Ne7 {[%clk 1:31:15]} 13. Rfe1 {[%clk 1:18:43]} Ng6
{[%clk 1:31:23]} 14. Bg3 {[%clk 1:18:42]} O-O-O {[%clk 1:31:06]} 15. Rad1
{[%clk 1:18:24]} Be7 {[%clk 1:19:28]} 16. Nf3 {[%clk 1:13:22]} Bf6
{[%clk 1:19:36]} 17. Ne5 {[%clk 1:12:04]} Nxe5 {[%clk 1:19:44]} 18. Bxe5
{[%clk 1:12:22]} Bxe5 {[%clk 1:20:08]} 19. Rxe5 {[%clk 1:12:43]} Bc6
{[%clk 1:20:37]} 20. Ree1 {[%clk 1:12:17]} Rxd1 {[%clk 1:20:55]} 21. Rxd1
{[%clk 1:12:46]} Rd8 {[%clk 1:21:23]} 22. Rxd8+ {[%clk 1:11:34]} Kxd8
{[%clk 1:21:47]} 23. f3 {[%clk 1:11:04]} Ke7 {[%clk 1:21:53]} 24. Kf2
{[%clk 1:11:31]} e5 {[%clk 1:22:17]} 25. Ke3 {[%clk 1:11:04]} f5 {[%clk 1:22:32]}
26. Bd3 {[%clk 1:09:18]} Kf6 {[%clk 1:22:03]} 27. b4 {[%clk 1:01:14]} g5
{[%clk 1:21:04]} 28. g4 {[%clk 0:48:20]} f4+ {[%clk 1:21:19]} 29. Kf2
{[%clk 0:46:19]} h6 {[%clk 1:19:21]} 30. Be4 {[%clk 0:46:35]} Bxe4
{[%clk 1:18:12]} 31. fxe4 {[%clk 0:46:49]} a5 {[%clk 1:18:39]} 32. a3
{[%clk 0:46:52]} Ke6 {[%clk 1:18:40]} 33. c4 {[%clk 0:46:50]} Kd6
{[%clk 1:19:00]} 34. h3 {[%clk 0:46:52]} Kc6 {[%clk 1:19:02]} 35. Ke2
{[%clk 0:47:05]} b6 {[%clk 1:19:20]} 36. Kf2 {[%clk 0:47:23]} b5 {[%clk 1:19:33]}
37. c5 {[%clk 0:47:44]} a4 {[%clk 1:19:42]} 1/2-1/2

[Event "US Cadet Championship"]
[Site "Manchester, NH"]
[Date "2017.08.18"]
[Round "2.3"]
[White "Nguyen, Trung"]
[Black "Shen, Christopher"]
[Result "1/2-1/2"]
[WhiteElo "2181"]
[BlackElo "2167"]
[Annotator "Relyea,Alex"]
[PlyCount "150"]
[EventDate "2017.??.??"]
[WhiteClock "0:02:25"]
[BlackClock "0:08:50"]

1. d4 Nf6 2. c4 g6 3. Nc3 Bg7 4. e4 d6 5. Nge2 O-O 6. Ng3 e5 7. d5 a5 8. Be2
Na6 9. h4 h5 10. Bg5 Qe8 11. Qd2 Nc5 12. Bh6 Bxh6 13. Qxh6 Ng4 14. Qg5 f6 15.
Qd2 Kg7 16. f3 Nh6 17. O-O-O Bd7 18. Rdg1 Qe7 19. Bd1 Rab8 20. Nf1 b5 21. cxb5
Bxb5 22. Bc2 Bxf1 23. Rxf1 f5 24. Qg5 Qf6 25. Kb1 Rb4 26. a3 Rb7 27. Ka2 Rfb8
28. Rb1 fxe4 29. Qd2 Nf5 30. Nxe4 Nxe4 31. Bxe4 Ng3 32. Rh3 Qf4 33. Qe1 Nxe4
34. fxe4 a4 35. Rf3 Qg4 36. Rg3 Qf4 37. Rf3 Qg4 38. Rg3 Qf4 39. Rc3 Qg4 40. Qc1
Qd7 41. Rc6 Ra8 42. Qc2 Raa7 43. Rf1 Ra8 44. Rf2 Qe7 45. g3 Qd7 46. Qc1 Qe7 47.
Rfc2 Raa7 48. R2c3 Kh7 49. Qc2 Qf7 50. R6c4 Qd7 51. Qc1 Qe7 52. Rc2 Kg7 53.
R4c3 Qf7 54. Qg1 c5 55. g4 hxg4 56. Rg3 Rb3 57. Rxg4 Kh7 58. Rf2 Rf3 59. Rxf3
Qxf3 60. Rxg6 Rb7 61. Rg3 Qxe4 62. Qd1 Rg7 63. Qh5+ Kg8 64. Qe8+ Kh7 65. Qh5+
Kg8 66. Qe8+ Kh7 67. Rxg7+ Kxg7 68. Qe7+ Kg8 69. Qe8+ Kg7 70. Qe7+ Kg8 71. Qe6+
Kg7 72. Qxd6 Qc4+ 73. Kb1 Qd3+ 74. Kc1 Qe3+ 75. Kc2 Qb3+ 1/2-1/2

[Event "US Cadet Championship"]
[Site "Manchester, NH"]
[Date "2017.08.18"]
[Round "2.4"]
[White "Kim, Yoon-Young"]
[Black "Lu, Albert"]
[Result "1-0"]
[BlackElo "2323"]
[WhiteElo "2293"]
[LiveChessVersion "1.4.8"]

1. d4 {[%clk 1:30:57]} d5 {[%clk 1:30:54]} 2. c4 {[%clk 1:31:23]} e6
{[%clk 1:31:20]} 3. Nf3 {[%clk 1:31:39]} Nf6 {[%clk 1:31:45]} 4. g3
{[%clk 1:32:04]} Be7 {[%clk 1:32:11]} 5. Bg2 {[%clk 1:32:30]} O-O
{[%clk 1:32:36]} 6. O-O {[%clk 1:32:56]} dxc4 {[%clk 1:33:02]} 7. Qc2
{[%clk 1:33:19]} b5 {[%clk 1:33:26]} 8. a4 {[%clk 1:33:45]} b4 {[%clk 1:33:52]}
9. Nfd2 {[%clk 1:34:07]} Nd5 {[%clk 1:22:05]} 10. Nxc4 {[%clk 1:34:29]} Nd7
{[%clk 1:17:25]} 11. e4 {[%clk 1:25:32]} N5b6 {[%clk 1:07:47]} 12. Na5
{[%clk 1:24:21]} c5 {[%clk 1:03:53]} 13. Nc6 {[%clk 1:23:28]} Qe8
{[%clk 1:04:19]} 14. a5 {[%clk 1:21:32]} Bb7 {[%clk 0:45:08]} 15. Nxe7+
{[%clk 1:21:45]} Qxe7 {[%clk 0:45:34]} 16. axb6 {[%clk 1:22:07]} cxd4
{[%clk 0:46:01]} 17. Qc7 {[%clk 1:18:32]} 1-0

[Event "US Cadet Championship"]
[Site "Manchester, NH"]
[Date "2017.08.18"]
[Round "2.5"]
[White "Yip, Carissa"]
[Black "Li, Ben"]
[Result "1/2-1/2"]
[BlackElo "2305"]
[WhiteElo "2187"]
[LiveChessVersion "1.4.8"]

1. e4 {[%clk 1:28:47]} e5 {[%clk 1:30:47]} 2. Nf3 {[%clk 1:28:46]} Nc6
{[%clk 1:31:10]} 3. Bb5 {[%clk 1:28:58]} a6 {[%clk 1:31:34]} 4. Ba4
{[%clk 1:29:23]} Nf6 {[%clk 1:31:55]} 5. O-O {[%clk 1:29:29]} Be7
{[%clk 1:32:04]} 6. d3 {[%clk 1:29:47]} b5 {[%clk 1:32:25]} 7. Bb3
{[%clk 1:30:14]} d6 {[%clk 1:32:49]} 8. a3 {[%clk 1:30:39]} O-O {[%clk 1:32:54]}
9. Nc3 {[%clk 1:31:06]} Na5 {[%clk 1:33:03]} 10. Ba2 {[%clk 1:31:29]} Be6
{[%clk 1:33:23]} 11. Nd5 {[%clk 1:29:39]} c6 {[%clk 1:28:39]} 12. Nxe7+
{[%clk 1:27:29]} Qxe7 {[%clk 1:28:57]} 13. Bg5 {[%clk 1:25:15]} Bxa2
{[%clk 1:26:58]} 14. Rxa2 {[%clk 1:25:38]} Qe6 {[%clk 1:27:24]} 15. Ra1
{[%clk 1:25:57]} c5 {[%clk 1:27:48]} 16. Nh4 {[%clk 1:23:12]} h6 {[%clk 1:18:04]}
17. Be3 {[%clk 1:18:50]} Nc6 {[%clk 1:16:14]} 18. Nf5 {[%clk 1:18:37]} Ne7
{[%clk 1:11:42]} 19. g4 {[%clk 1:15:12]} c4 {[%clk 1:01:34]} 20. Qf3
{[%clk 1:11:32]} cxd3 {[%clk 0:55:56]} 21. cxd3 {[%clk 1:11:56]} Rfc8
{[%clk 0:56:14]} 22. Kh1 {[%clk 1:06:26]} d5 {[%clk 0:46:20]} 23. Rg1
{[%clk 1:01:45]} dxe4 {[%clk 0:41:46]} 24. dxe4 {[%clk 1:02:08]} Nh7
{[%clk 0:41:33]} 25. h4 Rc4 26. Kh2 {[%clk 0:41:32]} Rac8 {[%clk 0:23:13]} 27.
Rg3 {[%clk 0:36:21]} Rc2 {[%clk 0:18:23]} 28. Rd1 {[%clk 0:34:46]} Nxf5
{[%clk 0:16:49]} 29. gxf5 {[%clk 0:34:51]} Qf6 {[%clk 0:15:17]} 30. Rdg1
{[%clk 0:34:25]} Qxh4+ {[%clk 0:13:15]} 31. Rh3 {[%clk 0:34:48]} Ng5
{[%clk 0:13:26]} 32. Rxg5 {[%clk 0:33:25]} Rxf2+ {[%clk 0:13:40]} 33. Qxf2
{[%clk 0:32:47]} Qxf2+ {[%clk 0:14:03]} 34. Bxf2 {[%clk 0:33:15]} hxg5
{[%clk 0:14:26]} 35. Rc3 {[%clk 0:33:32]} Rd8 {[%clk 0:13:39]} 36. Be3
{[%clk 0:33:57]} f6 {[%clk 0:13:59]} 37. Kg2 {[%clk 0:32:53]} Rd6
{[%clk 0:12:46]} 38. Kf3 {[%clk 0:32:58]} Kh7 {[%clk 0:12:55]} 39. Ke2
{[%clk 1:03:14]} Rd7 {[%clk 0:37:15]} 40. Rc6 Kh6 41. Rxa6 {[%clk 1:02:58]} Kh5
{[%clk 0:37:07]} 42. Rb6 g4 {[%clk 0:36:20]} 43. Bf2 {[%clk 1:01:01]} Kg5 44. Ke3
Rd8 {[%clk 0:33:40]} 45. Rb7 {[%clk 1:00:28]} Rg8 46. Rxb5 {[%clk 1:00:00]} Rh8
{[%clk 0:34:15]} 47. Bg3 {[%clk 1:00:07]} Rh3 {[%clk 0:34:10]} 48. Kf2
{[%clk 1:00:16]} Rh1 {[%clk 0:32:19]} 49. Rb7 g6 {[%clk 0:32:40]} 50. Rg7
{[%clk 1:00:11]} Rb1 51. Rxg6+ {[%clk 0:59:48]} Kh5 {[%clk 0:33:07]} 52. b4 Rb2+
{[%clk 0:33:35]} 53. Kg1 {[%clk 1:00:40]} Rg2+ {[%clk 0:32:15]} 54. Kf1
{[%clk 0:58:48]} Rxg3 {[%clk 0:32:08]} 55. Rxf6 {[%clk 0:55:27]} Rxa3
{[%clk 0:25:26]} 56. Re6 Kg5 57. Rg6+ {[%clk 0:39:54]} Kh5 {[%clk 0:25:26]}
1/2-1/2